000 00723cam a2200277 a 4500
001 549134
003 PILC
005 20160113150604.0
008 880809s1989 nyu j 000 1 eng
010 _a 88027488
020 _a0689314973
040 _aDLC
_cDLC
_dDLC
042 _alcac
050 0 0 _aPZ 7
_b.V874Se 1989
082 0 0 _aFIC
_bV87s 1989
100 1 _aVoigt, Cynthia.
_918741
245 1 0 _aSeventeen against the dealer
_cCynthia Voigt.
250 _a1st ed.
260 _aNew York :
_bAtheneum,
_c1989.
300 _a181 p. :
_c25 cm.
650 1 _aFamily problems
_xFiction.
_918789
906 _a7
_bcbc
_corignew
_d1
_eocip
_f19
_gy-gencatlg
942 _2lcc
_cBK
999 _c11068
_d11068